| 000 | 02147cam a22004574i 4500 | ||
|---|---|---|---|
| 003 | PE-LiUPU | ||
| 005 | 20250731173306.0 | ||
| 008 | 150616s r 000 0 d | ||
| 035 | _a(Sirsi) a3667 | ||
| 040 |
_aPE-LiUPU _bspa _cPE-LiUPU _erda |
||
| 049 | _aPRUA | ||
| 082 | 0 | 4 |
_a279.6 _bG22 _221 |
| 100 | 1 |
_aGates, E. H., _d1855-, _eautor. |
|
| 245 | 1 | 0 |
_aIn coral isles / _cE. H. Gates. |
| 264 | 1 |
_aWashington : _bReview and Herald Publishing ASSN., _c1923. |
|
| 300 |
_a256 páginas : _bilustraciones ; _c20 cm. |
||
| 336 |
_atext _2rdacontent |
||
| 337 |
_aunmediated _2rdamedia |
||
| 338 |
_avolume _2rdacarrier |
||
| 505 | 0 | _aThe coral grove -- Speeding the message to oceania -- Launching our first missionary ship -On "The lone isle of the sea" -- A whole island converted -- Laying the foundation in Tahiti -- Soul-winning in Raiatea and Huaheine -- Seed-sowing in the cook islands -- Among the samoan islands -- Gathering fruit in the Tonga island -- When the gospel entered Fiji -- A perilous cruise -- A light kindled on Norfolk island -- Returning from the first cruise -- A pleasant and profitable year -- When the "Pitcairn" returned -- Helping to finish the work -- Pioneering in the east indies -- In the straits settlements -- A trip through Sumatra -- Seeking the lost in java -- Miracles of missions in the Philippines. | |
| 526 | _aSEG42 | ||
| 526 | _aSEG41 | ||
| 526 | _aSEG40 | ||
| 526 | _aSEG39 | ||
| 526 | _aP94 | ||
| 526 | _aP87 | ||
| 526 | _aP86 | ||
| 526 | _aP85 | ||
| 526 | _aP77 | ||
| 526 | _aP76 | ||
| 526 | _aP35 | ||
| 650 | 0 | 4 |
_aPolinesia _xDescripciones y viajes. |
| 650 | 0 | 4 |
_aMisiones _zPolinesia. |
| 910 |
_ajck _bjvq _cjck |
||
| 942 |
_2ddc _cBOOK |
||
| 949 |
_a279.6 G22 _wDEWEY _c1 _i10899 _lCCODEBUL1 _mBUL _p00.00 _r0 _sY _tBOOK _u2015-04-23 _xTEOLOGIA _zUNKNOWN _0COMPRA _o.STAFF. Colección General |
||
| 994 |
_aC0 _bPEPRU |
||
| 596 | _a1 | ||
| 999 |
_a279.6 G22 _wDEWEY _c44767 _i10899 _f2021-11-11 _g5 _lCCODEBUL1 _mBUL _r0 _sY _tBOOK _u2015-4-23 _xTEOLOGIA _zUNKNOWN _0COMPRA _o.STAFF. Colección General _d44767 |
||
| 980 |
_81 _gALBERTO SANCHEZ Responsable de Automatización |
||